| 000 | 00356nam a22001337a 4500 | ||
|---|---|---|---|
| 020 | _a0-13-686619-0 | ||
| 082 | _a621.317 MUH | ||
| 100 |
_aMUHAMMAD HARUNUR RASHID _965496 |
||
| 245 | _aPOWER ELECTRONICS , CIRCUITS,DEVICES AND APPLICATION | ||
| 260 |
_aUSA _bPRENTICE HALL _c1988 |
||
| 300 | _a590P | ||
| 650 |
_aELECTRONICS CIRCUITS _966047 |
||
| 942 | _cBK | ||
| 999 |
_c574089 _d574089 |
||